000 01029nam a2200313 4500
003 OSt
005 20260530113858.0
008 260506b19801981usaa|||| |||| 00| 0 eng d
020 _a091573432X
020 _a0915734265
040 _aICI
_bspa
_cICI
041 _aeng
050 _aNC997
_bP75 1980
100 1 _aFox, Martin,
_eeditor
_931969
245 1 0 _aPrint casebooks 4, 1980/81 edition :
_bthe best in covers & posters /
_cMartin Fox
264 _aU.S.A :
_bRC Publications Inc Wash, DC. ,
_c1980
300 _a112 páginas :
_bilustraciones (principalmente a color)
336 _atexto
_2rdacontent
337 _asin medio
_2rdamedia
338 _avolumen
_2rdacarrier
500 _aPublicación tipo anuario de diseño gráfico
650 4 _aDiseño gráfico
_918020
650 4 _aCarteles
_931970
650 4 _aDiseño de portadas
_931971
650 4 _aPublicidad
_xDiseño
_931972
650 4 _aComunicación visual
_931973
700 _aStevens,Kner, Carol,
_etexto e introducción
_931974
942 _2lcc
_cBK
_n1
999 _c11700
_d11700